000 00261 a2200121 4500
001 63511
082 _a297.23 MUS
090 _c37524
_d37524
100 _aMusarrat Laghari
245 _aTari Ankha
260 _aRawalpindi
_bLa-Rab Pub
_c2001
300 _a320
942 _acaenust
_k297.23 MUS
999 _c298584
_d298584